More Musical Acts by Discography - Statistics

General Stats
  • This quiz has been taken 832 times
  • The average score is 6 of 15
Answer Stats
Hint Answer % Correct
Space Oddity (1969), The Man Who Sold the World (1970), Hunky Dory (1971), Diamond Dogs (1974) David Bowie
92%
My Generation (1965), Tommy (1969) , Quadrophenia (1973),Who Are You (1978) The Who
88%
Strange Days (1967), The Soft Parade (1969), L.A. Woman (1971) The Doors
70%
After the Gold Rush (1970), Harvest (1972), American Stars 'N Bars (1977) Neil Young
60%
Pretty on the Inside (1991), Live Through This (1994), Celebrity Skin (1998), Nobody's Daughter (2010) Hole
50%
Songs for the Deaf (2002), Lullabies to Paralyze (2005), Era Vulgaris (2007) Queens of the Stone Age
45%
Oracular Spectacular (2007), Congratulations (2010) MGMT
41%
Discovery (2001), Human After All (2005) Daft Punk
40%
For Emma, Forever Ago (2008), Blood Bank (2009) Bon Iver
34%
Youth and Young Manhood (2003), Aha Shake Heartbreak (2004), Because of the Times (2007), Only by the Night (2008), Come Around Sundown (2010) Kings of Leon
34%
† (2007) , Audio, Video, Disco (2011) Justice
25%
Sound of Silver (2007), This Is Happening (2010) LCD Soundsystem
24%
Keep on Your Mean Side (2003), No Wow (2005), Midnight Boom (2008), Blood Pressures (2011) The Kills
8%
Road Apples (1991), Fully Completely (1992) ,Trouble at the Henhouse (1996), Phantom Power (1998) The Tragically Hip
8%
Voi-La Intruder (1999), Multi Kontra Culti vs. Irony(2002), East Infection (2005), Trans-Continental Hustle (2010) Gogol Bordello
6%
No matching quizzes found
Score Distribution
Percent of People with Each Score
Percentile by Number Answered
Your Score History
You have not taken this quiz